000 00565nam a2200193Ia 4500
008 191130s2007##################000#0#eng##
020 _a9780460861069
040 _aACL
_cACL
082 _a780.13 OSH
100 _aO'Shea, John
245 _aMusic and medicine: medical profiles of great composers
_cJohn O'Shea
260 _aLondon
_bJ.M. Dent
_c2007
300 _a[256] p. : ill. ; 23 cm
500 _aIncludes bibliographical references and index
650 _aMedicine
990 _a36991f61ac10000c4187a17d5037fb1c
991 _a83949
999 _c16756
_d16756